|
|
|
|
| LEADER |
01030nam a2200217 a 4500 |
| 001 |
2249729 |
| 008 |
090513s1977 dcua 000 0 eng d |
| 010 |
|
|
|a \\\77080271
|
| 040 |
|
|
|a DLC
|c DLC
|d DLC
|
| 082 |
0 |
0 |
|a 633.3/9
|2 18
|
| 245 |
0 |
0 |
|a Leucaena :
|b promising forage and tree crop for the tropics : report of a study /
|c conducted jointly by the Philippine Council for Agriculture and Resources Research and the United States National Academy of Sciences.
|
| 260 |
|
|
|a Washington, D.C. :
|b The Academy,
|c 1977
|g (1978 printing)
|
| 300 |
|
|
|a vii, 115 p. :
|b ill. ;
|c 23 cm.
|
| 541 |
1 |
|
|e 00001531
|
| 650 |
|
0 |
|a Lead tree
|z Tropics.
|
| 650 |
|
0 |
|a Leucaena
|z Tropics.
|
| 650 |
|
0 |
|a Forage plants
|z Tropics.
|
| 710 |
2 |
|
|a Philippine Council for Agriculture and Resources Research.
|
| 852 |
4 |
|
|a Ayesha Abed Library
|j Generalshelf
|
| 999 |
|
|
|c 672
|d 672
|
| 952 |
|
|
|0 0
|1 0
|2 ddc
|4 0
|6 633_390000000000000_LEU_1978
|7 0
|9 619
|a BRACUL
|b BRACUL
|c GEN
|d 2009-05-13
|g 0.00
|l 0
|o 633.39 LEU
|p 3010001531
|r 2009-05-13
|t 1
|w 2009-05-13
|y BK
|x No price found in the accession register.
|